| 000 | 00632nam a2200121Ia 4500 | ||
|---|---|---|---|
| 008 | 220620s9999||||xx |||||||||||||| ||und|| | ||
| 245 | 4 |
_aThe Future of ISIS _bRegional and International Implications |
|
| 546 | _aEnglish[eng] | ||
| 650 | _aPolitical Science||Al-Qaeda||Iran||Iraq||Islamic State of Iraq and the Levant||Syria||Taliban||United States | ||
| 700 | _aGanguly, Sumit||al-Istrabadi, Feisal | ||
| 856 | _uhttps://library.oapen.org/bitstream/20.500.12657/29967/1/651100.pdf||https://library.oapen.org/bitstream/20.500.12657/29967/1/651100.pdf||https://library.oapen.org/bitstream/20.500.12657/29967/1/651100.pdf | ||
| 942 | _cEB | ||
| 999 |
_c23803 _d23803 |
||